| 000 | 01012nam0a22002651 4500 | ||
|---|---|---|---|
| 001 | rc\2816835 | ||
| 005 | 20250806211259.0 | ||
| 035 | _a(NLR Aleph) 006942548 | ||
| 090 |
_a39172 _c39172 |
||
| 100 | _a20110915d1945 u y0rusy50 ca | ||
| 101 | 0 | _arus | |
| 102 | _aRU | ||
| 105 | _ay g ||||| | ||
| 200 | 1 |
_aТарифно-квалификационный справочник _eПищевая пром-сть _fУпр. промысл. кооперации при СНК РСФСР |
|
| 205 | _a2-е изд., доп. | ||
| 210 |
_aМосква _cКОИЗ _d1945 _gтип. изд-ва "Моск. большевик" |
||
| 215 |
_a65 с., включ. 1 с. обл. _d24 см. |
||
| 710 | 0 | 1 |
_aРСФСР _bУправление промысловой кооперации _3RU\NLR\AUTH\8810176280 |
| 801 | 0 |
_aRU _bNLR _gpsbo |
|
| 801 | 1 |
_aRU _bELAR _2rusmarc |
|
| 852 |
_aNLR _jЭк40 Г-8/23 |
||
| 942 | _cBOOK | ||
| 945 | _aРоссийская национальная библиотека | ||
| 980 | _aNB | ||
| 980 | _aBV | ||